Statistiques concernant Noms de capitales cachés dans une lettre

Cliquez ici pour prendre le quiz!

Statistiques générales

  • Ce quiz a été pris 5 465 fois
  • Le résultat moyen est 8 sur 24

Statistiques - réponses

Départements% Correct
Erevan
92%
Harare
56%
Paris
54%
Vilnius
49%
Hanoï
46%
Malabo
43%
Caracas
34%
Tripoli
33%
Vienne
31%
Oslo
30%
Tirana
30%
Rabat
29%
Riga
29%
Manama
28%
Amman
26%
Lima
26%
Berne
24%
Malé
23%
Suva
23%
Apia
21%
Quito
20%
Gitega
19%
Praia
17%
Yaren
17%

Distribution des résultats

Percentile par nombre de réponses

% des personnes avec chaque résultat

Votre développement - résultats

Vous n’avez pas pris ce quiz